000 00305nam a2200109 4500
999 _c13542
_d13542
008 190328b ||||| |||| 00| 0 eng d
245 _aA new law to reverse PH's HIV epidemic.
260 _aPhilippines
_bPhilippine Daily Inquirer
_cc2018
300 _apage A13.
650 0 _937819
_aLaw.
942 _2ddc
_cPER